Soy la maldad /

Guardado en:
Autor Principal: Stine, R.l.
Formato: Libro
Publicado: Argentina : Montena Mondadori, 2001.
Edición:1a. ed.
Series:La casa del terror; 3
Materias:
Etiquetas: Agregar Etiqueta
Sin Etiquetas, Sea el primero en etiquetar este registro!
LEADER 00703nam a22002655a 4500
001 CEM.cems019069
008 220530s2001##################000#0#####d
005 20220530203653.0
003 CEMS
245 1 0 |a Soy la maldad /  |c R.L. Stine. 
250 |a 1a. ed. 
260 |a Argentina :  |b Montena Mondadori,  |c 2001. 
300 |a 170 p. 
490 0 |a La casa del terror; 3 
020 |a 8484410986 
100 1 |a Stine, R.l. 
082 0 4 |a 813.5 
653 |a Literatura 
653 |a Literatura eeuu 
653 |a Literatura de terror 
653 |a Terror 
653 |a Literatura juvenil 
653 |a Novelas 
653 |a Novelas de terror 
859 |a CEMS  |b BIB. CEMS - 11 de abril  |h 813.5  |i St52-7  |p 29307.22  |t Ej.1